Name the CS:GO Map - Statistics

General Stats
  • This quiz has been taken 188 times
  • The average score is 30 of 45
Answer Stats
Question Tile Select % Correct
The maps that has chickens? Yes
93%
The maps that has chickens? No
93%
The maps that has chickens? No
91%
The maps that only have one bomb site? No
88%
The maps that only have one bomb site? No
88%
The maps that only have one bomb site? No
88%
The maps that has chickens? No
87%
The maps that only have one bomb site? No
87%
The maps that only have one bomb site? No
86%
The maps that has chickens? No
85%
The maps that only have one bomb site? No
85%
The maps that only have one bomb site? No
84%
The maps that has chickens? No
83%
The maps that only have one bomb site? Yes
83%
The maps that has chickens? No
80%
The maps that only have one bomb site? No
78%
The maps that is supposted to be located in The USA? (According to:https://imgur.com/a/NObqj#O355VXL) No
78%
The maps that is supposted to be located in The USA? (According to:https://imgur.com/a/NObqj#O355VXL) No
78%
The maps that first was added in 2013 and before? No
76%
The maps that is supposted to be located in The USA? (According to:https://imgur.com/a/NObqj#O355VXL) No
76%
The maps that is supposted to be located in The USA? (According to:https://imgur.com/a/NObqj#O355VXL) No
75%
The maps that is supposted to be located in The USA? (According to:https://imgur.com/a/NObqj#O355VXL) No
74%
The maps that first was added in 2013 and before? No
70%
The maps that first was added in 2013 and before? No
68%
The maps that is supposted to be located in The USA? (According to:https://imgur.com/a/NObqj#O355VXL) No
66%
The maps that is a part of the Defusal Group Delta? No
65%
The maps that first was added in 2013 and before? Yes
65%
The maps that first was added in 2013 and before? No
63%
The maps that has chickens? No
62%
The maps that is a part of the Defusal Group Delta? No
59%
The maps that is a part of the Defusal Group Delta? No
55%
The maps that is a part of the Defusal Group Delta? No
55%
The maps that first was added in 2013 and before? Yes
52%
The maps that is a part of the Defusal Group Delta? No
48%
The maps that is supposted to be located in The USA? (According to:https://imgur.com/a/NObqj#O355VXL) No
48%
The maps that first was added in 2013 and before? Yes
45%
The maps that has chickens? Yes
44%
The maps that first was added in 2013 and before? No
42%
The maps that is supposted to be located in The USA? (According to:https://imgur.com/a/NObqj#O355VXL) Yes
42%
The maps that is supposted to be located in The USA? (According to:https://imgur.com/a/NObqj#O355VXL) Yes
40%
The maps that first was added in 2013 and before? Yes
38%
The maps that is a part of the Defusal Group Delta? Yes
37%
The maps that is a part of the Defusal Group Delta? Yes
31%
The maps that is a part of the Defusal Group Delta? Yes
28%
The maps that is a part of the Defusal Group Delta? Yes
27%
No matching quizzes found
Score Distribution
Percent of People with Each Score
Percentile by Number Answered
Your Score History
You have not taken this quiz